00975nac a22002411i 4500003000900000005001700009008004100026040004300067082002100110100004900131245018100180264004900361300002700410336002600437337002800463338002700491500002100518650002000539655001700559942001200576999001500588952013000603EG-ScBUE20240922113747.0240922s1964 nyu f 001 0 eng d aEG-ScBUEbengerdacEG-ScBUEdEG-ScBUE04a512.8bBÔC2221 aBôcher, Maxime,‏d1867-1918‏,eauthor.10aIntroduction to higher algebra /cby Maxime Bôcher ; prepared for publication with the coorperation of E.P.R. Duval, instructor in mathematics in the University of Wisconsin. 1aNew York :bDover Publications, Inc.,c1964. axi, 321 pages ;c22 cm 2rdacontentatextbtxt aunmediated2rdamediabn avolumebnc2rdacarrier aIncludes index.  7aAlgebra.2BUEsh vReading book cBB2ddc c1813d1813 00102ddc40708AlahramaMAINbMAINc1STd2006-12-17ePurchasel0o512.8 BOCp000002503r2025-07-15 00:00:00w2006-12-17yBB